Soapy Smith, king of the frontier con men /

Bibliographic Details
Main Author: Robertson, Frank C. (Frank Chester), 1890-1969
Other Authors: Harris, Beth Kay
Format: Book
Language:English
Published: New York : Hastings House, [1961]
Subjects:

MARC

Tag First Indicator Second Indicator Subfields
LEADER 00000cam a2200000 4500
001 in00000062125
005 20151008051651.0
008 760316s1961 nyua b 00110beng
010 |a  61014212  
035 |a (OCoLC)02052899 
035 |9 AAG9292AM 
040 |a DLC  |c IPU  |d TXA  |d UtOrBLW 
049 |a TXAM  |c [459583] 
050 0 0 |a F931  |b .S625 
092 |a 364.155  |b R649s 
100 1 |a Robertson, Frank C.  |q (Frank Chester),  |d 1890-1969. 
245 1 0 |a Soapy Smith, king of the frontier con men /  |c by Frank C. Robertson and Beth Kay Harris. 
264 1 |a New York :  |b Hastings House,  |c [1961] 
300 |a 244 pages :  |b illustrations ;  |c 21 cm. 
336 |a text  |b txt  |2 rdacontent 
337 |a unmediated  |b n  |2 rdamedia 
338 |a volume  |b nc  |2 rdacarrier 
504 |a Includes bibliography. 
600 1 0 |a Smith, Jefferson Randolph,  |d 1860-1898. 
650 0 |a Crime  |z United States. 
650 0 |a Frontier and pioneer life  |z West (U.S.) 
650 0 |a Criminals  |z United States. 
700 1 |a Harris, Beth Kay. 
999 |a MARS 
999 f f |s 198a1de3-5b24-318b-8f35-60f484f5e7b8  |i 8fc5f113-9f60-3daa-b3ff-a2f3ab2daded  |t 0 
952 f f |p ric  |a Texas A&M University  |b Rellis Campus  |c Joint Library Facility  |d Remote Storage  |t 0  |e F931 .S625  |h Library of Congress classification  |i unmediated -- volume  |m A14800812925 
998 f f |a F931 .S625  |t 0  |l Remote Storage